000 00595nam a2200145Ia 4500
008 100122s9999 xx 000 0 und d
082 _b57632
_a294.5
100 _aसावरकर विनायक दामोदर
245 _aहिंदु राष्ट्र दर्शन ( क.क्र.26/4 )
260 _bमनोरमा प्रकाशन
_c2000
300 _a247
630 _aहिंदु राष्ट्र दर्शन ( क.क्र.26/4 )
730 _aहिंदु राष्ट्र दर्शन ( क.क्र.26/4 )
942 _cBOOK
999 _c433800
_d433797